| 000 | 01160njm a22002897a 4500 | ||
|---|---|---|---|
| 005 | 20100913120945.0 | ||
| 006 | a|||||r|||||00| 0 | ||
| 007 | sd ammalaaahaa | ||
| 008 | 100907t xxu||||| |||| 00| 0 eng d | ||
| 028 |
_aECLP 2255 _bOdean |
||
| 035 | _aGR-02234 | ||
| 100 |
_aKaur, Prakash _918693 |
||
| 245 |
_aFolk music of The Punjab / _cby Prakash Kaur [and] Surinder Kaur _h[Sound recording] |
||
| 246 | _aफोल्क म्यूजिक ऑफ़ द पंजाब / सुरिंदर कौर | ||
| 260 |
_aDum Dum, India _bHis Master's Voice |
||
| 300 |
_a1 sound disc [Gramophone Recording] _banalog, 33 1/3rpm ; _c9.5 in. (MP) _fGramaphone Records |
||
| 500 | _aBrief record | ||
| 500 | _aRecord Labels : His Master's voice, Black | ||
| 505 | _aSide-1 (Sarke sarke jandiye-lamme geet) (Surinder Kaur) --Side-2 (Doli chahdian-heer) (Asa Singh Mastana) | ||
| 650 |
_aClassical music _xExcerpts _zIndia _918694 |
||
| 700 | _919043 | ||
| 700 | _919670 | ||
| 700 | _919044 | ||
| 700 | _919202 | ||
| 942 |
_2ddc _cGR |
||
| 999 |
_c45358 _d45358 |
||